The university in an urban environment : a study of activity patterns from a planning viewpoint sponsored by the Centre for Environmental Studies (Record no. 60898)

MARC details
000 -LEADER
fixed length control field 00835nam a2200193 a 4500
008 - FIXED-LENGTH DATA ELEMENTS--GENERAL INFORMATION
fixed length control field 060316s1974 ||||||||||||||||| || u
020 ## - INTERNATIONAL STANDARD BOOK NUMBER
International Standard Book Number 0435859226
050 ## - LIBRARY OF CONGRESS CALL NUMBER
Classification number LA 227.3 Joi
100 ## - MAIN ENTRY--PERSONAL NAME
Personal name Abercrombie, Nicholas
245 14 - TITLE STATEMENT
Title The university in an urban environment : a study of activity patterns from a planning viewpoint sponsored by the Centre for Environmental Studies
260 ## - PUBLICATION, DISTRIBUTION, ETC.
Place of publication, distribution, etc. London :
Name of publisher, distributor, etc. Heinemann Educational
Date of publication, distribution, etc. 1974
300 ## - PHYSICAL DESCRIPTION
Extent x, 246 p. : ill.
350 ## - PRICE (NR) (BK AM CF MU VM SE) [OBSOLETE]
Price 0.00
500 ## - GENERAL NOTE
General note Bibliography:
650 ## - SUBJECT ADDED ENTRY--TOPICAL TERM
Topical term or geographic name entry element UNIVERSITIES AND COLLEGES - UNITED STATES
650 ## - SUBJECT ADDED ENTRY--TOPICAL TERM
Topical term or geographic name entry element EDUCATION, URBAN--UNITED STATES
710 ## - ADDED ENTRY--CORPORATE NAME
Corporate name or jurisdiction name as entry element London school of economics and political science
995 ## - RECOMMENDATION 995 [LOCAL, UNIMARC FRANCE]
-- 0.00
-- CBU-MAIN LIBRARY (Kitwe)
-- 1
-- 6.50
-- 1
-- AVAILABLE
-- Annex Low-Usage Collection
Holdings
Withdrawn status Lost status Source of classification or shelving scheme Damaged status Not for loan Home library Current library Shelving location Date acquired Total Checkouts Full call number Barcode Date last seen Price effective from Koha item type
          CBU-MAIN LIBRARY, KITWE. CBU-MAIN LIBRARY, KITWE.   11/30/2022   LA 227.3 Joi 009424 11/30/2022 11/30/2022 MONOGRAPH